[Event "España tch 1B 2012"]
[Site "Don Benito ESP"]
[Date "2012.07.30"]
[Round "1.11"]
[White "Khenkin, Igor"]
[Black "Anton Guijarro, David"]
[Result "0-1"]
[WhiteElo "2669"]
[BlackElo "2490"]
[PlyCount "70"]
[EventDate "2012.07.30"]
[EventType "swiss"]
[EventRounds "9"]
[EventCountry "ESP"]
[Source "lmi"]
[SourceDate "2012.07.30"]

1. d4 Nf6 2. c4 e6 3. Nf3 Bb4+ 4. Bd2 a5 5. Nc3 b6 6. Bg5 a4 7. a3 Bxc3+ 8.
bxc3 Bb7 9. Nd2 h6 10. Bh4 d6 11. f3 e5 12. e4 Nc6 13. c5 dxc5 14. dxc5 O-O 15.
cxb6 Na5 16. Qxa4 cxb6 17. Qb4 Qc7 18. Bb5 Rfd8 19. c4 Rd3 20. O-O Rad8 21. Ra2
R8d6 22. Rc1 Qd8 23. Nf1 Bc6 24. Bxc6 Nxc6 25. Qb5 Rd1 26. Rxd1 Rxd1 27. Qxc6
Qd4+ 28. Bf2 Qd3 29. h3 Qxf1+ 30. Kh2 Qh1+ 31. Kg3 Kh7 32. Qc8 g6 33. Bxb6 Nh5+
34. Kh4 Qh2 35. Qg4 Nf6 0-1

[Event "España tch 1B 2012"]
[Site "Don Benito ESP"]
[Date "2012.07.30"]
[Round "1.12"]
[White "Almagro Llamas, Pablo"]
[Black "Mirzoev, Azer"]
[Result "0-1"]
[WhiteElo "2465"]
[BlackElo "2545"]
[PlyCount "133"]
[EventDate "2012.07.30"]
[EventType "swiss"]
[EventRounds "9"]
[EventCountry "ESP"]
[Source "lmi"]
[SourceDate "2012.07.30"]

1. e4 c6 2. d4 d5 3. exd5 cxd5 4. c4 Nf6 5. Nc3 e6 6. Nf3 Be7 7. cxd5 Nxd5 8.
Bd3 O-O 9. O-O Nf6 10. Qe2 Nc6 11. Bg5 h6 12. Bxf6 Bxf6 13. Rad1 g6 14. Be4 Bg7
15. Bxc6 bxc6 16. Ne5 Qc7 17. Rc1 Bb7 18. Na4 Rad8 19. Rfd1 Rd5 20. Nc3 Rdd8
21. Na4 Rd5 22. Nc3 Bxe5 23. dxe5 Rxe5 24. Rd7 Rxe2 25. Rxc7 Rxb2 26. h4 Rc8
27. Rd7 c5 28. Nd1 Rb4 29. a3 Rb3 30. Ne3 Bd5 31. Nxd5 exd5 32. Rxd5 c4 33. a4
c3 34. Rd3 a5 35. g3 Rc4 36. Kg2 Kg7 37. Rc2 Rc5 38. Kf3 Rb2 39. Rcxc3 Rf5+ 40.
Ke4 Rbxf2 41. Kd4 Ra2 42. Ra3 Rxa3 43. Rxa3 g5 44. hxg5 hxg5 45. Rb3 Kg6 46.
Ke4 g4 47. Rb6+ f6 48. Rb8 Rf1 49. Rg8+ Kf7 50. Ra8 Rf3 51. Rxa5 Kg6 52. Ra8
f5+ 53. Ke5 Re3+ 54. Kd4 Rxg3 55. Ke5 Re3+ 56. Kf4 Rf3+ 57. Ke5 Kg5 58. Rg8+
Kh4 59. a5 Kg3 60. a6 Ra3 61. Kxf5 Ra5+ 62. Ke4 Rxa6 63. Rg7 Rf6 64. Rg8 Rf7
65. Rg6 Kh3 66. Ke3 g3 67. Kd4 0-1

[Event "España tch 1B 2012"]
[Site "Don Benito ESP"]
[Date "2012.07.30"]
[Round "1.13"]
[White "Llanes Hurtado, Miguel"]
[Black "Rubio Mejia, Luis Ignacio"]
[Result "1/2-1/2"]
[WhiteElo "2483"]
[BlackElo "2428"]
[PlyCount "62"]
[EventDate "2012.07.30"]
[EventType "swiss"]
[EventRounds "9"]
[EventCountry "ESP"]
[Source "lmi"]
[SourceDate "2012.07.30"]

1. d4 Nf6 2. c4 e6 3. Nc3 Bb4 4. e3 b6 5. Nge2 Ba6 6. Ng3 O-O 7. e4 Nc6 8. Bg5
h6 9. h4 d6 10. a3 Bxc3+ 11. bxc3 Re8 12. Bxf6 Qxf6 13. Bd3 e5 14. d5 Na5 15.
Qe2 c6 16. Nf5 Bc8 17. Ne3 Bd7 18. Rb1 Rac8 19. Kd2 cxd5 20. cxd5 Rc5 21. Ba6
Qf4 22. Rb4 Rb8 23. g3 Qf6 24. Rc1 Qd8 25. a4 Qc7 26. Rc2 Rf8 27. Bd3 Rc8 28.
Ba6 Rf8 29. Bd3 Bc8 30. Rc1 Qe7 31. Ke1 Qc7 1/2-1/2

[Event "España tch 1B 2012"]
[Site "Don Benito ESP"]
[Date "2012.07.30"]
[Round "1.14"]
[White "Martinez Martin, David"]
[Black "Fernandez Romero, Ernesto"]
[Result "1-0"]
[WhiteElo "2385"]
[BlackElo "2472"]
[PlyCount "81"]
[EventDate "2012.07.30"]
[EventType "swiss"]
[EventRounds "9"]
[EventCountry "ESP"]
[Source "lmi"]
[SourceDate "2012.07.30"]

1. d4 Nf6 2. Nf3 b6 3. e3 Bb7 4. Bd3 e6 5. O-O Be7 6. c4 O-O 7. Nc3 d5 8. Qc2
h6 9. e4 dxe4 10. Nxe4 Nbd7 11. Rd1 Qc8 12. Bf4 Rd8 13. Qe2 Nxe4 14. Bxe4 Bd6
15. Bd2 Nf6 16. Bc2 c5 17. Bc3 cxd4 18. Rxd4 Qc7 19. Rh4 Bxf3 20. Qxf3 Be5 21.
Re1 Bxc3 22. Qxc3 Qd6 23. Rh3 Qd2 24. Qxd2 Rxd2 25. Rc3 Rc8 26. Rd1 Rcd8 27.
Rxd2 Rxd2 28. Kf1 Kf8 29. b4 a5 30. bxa5 bxa5 31. c5 Nd5 32. c6 Nc7 33. Ke1 Rd4
34. Rc5 Rd5 35. Rc3 Ke7 36. Bb3 Re5+ 37. Kd2 Kd6 38. Rg3 Rg5 39. Rxg5 hxg5 40.
Kd3 Kxc6 41. Ke4 1-0

[Event "España tch 1B 2012"]
[Site "Don Benito ESP"]
[Date "2012.07.30"]
[Round "1.21"]
[White "Moreno Trujillo, Alejandro"]
[Black "Vallejo Pons, Francisco"]
[Result "1-0"]
[WhiteElo "2500"]
[BlackElo "2697"]
[PlyCount "79"]
[EventDate "2012.07.30"]
[EventType "swiss"]
[EventRounds "9"]
[EventCountry "ESP"]
[Source "lmi"]
[SourceDate "2012.07.30"]

1. d4 Nf6 2. Nf3 e6 3. Bf4 b6 4. e3 Bb7 5. Bd3 d6 6. h3 g6 7. Bh2 Bg7 8. O-O
O-O 9. c4 Nbd7 10. Nc3 Re8 11. Bc2 e5 12. dxe5 dxe5 13. Ba4 c6 14. Qe2 Qe7 15.
Rfd1 h6 16. Rd2 e4 17. Nd4 Rac8 18. Rad1 Ne5 19. Bc2 Qb4 20. Nxe4 Nxe4 21. Bxe4
Nxc4 22. Nc2 Qc5 23. b4 Nxd2 24. bxc5 Nxe4 25. Qf3 Nxc5 26. h4 h5 27. g4 hxg4
28. Qxg4 Re4 29. Bf4 Rce8 30. h5 Bc8 31. Qg2 gxh5 32. Nd4 Kh7 33. f3 Bxd4 34.
Qc2 Rg8+ 35. Kh2 Bf5 36. fxe4 Bxe4 37. Qc4 Rg2+ 38. Kh3 Bg7 39. Qxf7 Rg6 40.
Rd6 1-0

[Event "España tch 1B 2012"]
[Site "Don Benito ESP"]
[Date "2012.07.30"]
[Round "1.22"]
[White "Magem Badals, Jordi"]
[Black "Moreno Tejera, Emilio"]
[Result "1/2-1/2"]
[WhiteElo "2554"]
[BlackElo "2350"]
[PlyCount "119"]
[EventDate "2012.07.30"]
[EventType "swiss"]
[EventRounds "9"]
[EventCountry "ESP"]
[Source "lmi"]
[SourceDate "2012.07.30"]

1. e4 c5 2. Nf3 e6 3. d4 cxd4 4. Nxd4 Nf6 5. Nc3 d6 6. g4 h6 7. Bg2 Nc6 8. h3
Bd7 9. f4 Nxd4 10. Qxd4 Bc6 11. Be3 Nd7 12. O-O-O Be7 13. h4 Qa5 14. g5 e5 15.
fxe5 dxe5 16. Qc4 Bc5 17. Bd2 Qb4 18. Qxb4 Bxb4 19. Nd5 Bxd2+ 20. Rxd2 O-O-O
21. Rf1 Rhf8 22. gxh6 gxh6 23. Ne7+ Kc7 24. Nxc6 bxc6 25. Rdf2 Rg8 26. Bh3 Rg3
27. Rf3 Rdg8 28. Bxd7 Rxf3 29. Rxf3 Kxd7 30. Rxf7+ Kd6 31. Rxa7 Rg4 32. h5 Rh4
33. Rh7 Rxh5 34. b4 Rh4 35. Kb2 Rxe4 36. Rxh6+ Kd5 37. a3 Rf4 38. Rh5 Rf3 39.
a4 Kc4 40. Rxe5 Kxb4 41. a5 Rf7 42. c3+ Kc4 43. a6 c5 44. Re6 Kb5 45. Ka3 Ra7
46. c4+ Ka5 47. Rc6 Rxa6 48. Rxc5+ Kb6+ 49. Kb4 Ra4+ 50. Kxa4 Kxc5 51. Kb3 Kc6
52. Kb4 Kb6 53. c5+ Kc6 54. Kc4 Kc7 55. Kd5 Kd7 56. c6+ Kc7 57. Kc5 Kc8 58. Kd6
Kd8 59. c7+ Kc8 60. Kc6 1/2-1/2

[Event "España tch 1B 2012"]
[Site "Don Benito ESP"]
[Date "2012.07.30"]
[Round "1.23"]
[White "Bolado Saez, Sergio"]
[Black "Alonso Rosell, Alvar"]
[Result "0-1"]
[WhiteElo "2386"]
[BlackElo "2502"]
[PlyCount "80"]
[EventDate "2012.07.30"]
[EventType "swiss"]
[EventRounds "9"]
[EventCountry "ESP"]
[Source "lmi"]
[SourceDate "2012.07.30"]

1. d4 d5 2. c4 dxc4 3. Nf3 c5 4. e3 cxd4 5. exd4 Be6 6. Na3 Bd5 7. Nxc4 e6 8.
Be2 Nc6 9. O-O Nf6 10. Be3 Be7 11. Nfe5 O-O 12. a3 Rc8 13. Rc1 b5 14. Nd2 Qb6
15. Nxc6 Rxc6 16. Nf3 Rxc1 17. Qxc1 b4 18. axb4 Qxb4 19. Qa1 Bd6 20. Ne5 Qb7
21. f3 Qb6 22. Bf2 Rb8 23. Nd3 h6 24. Rc1 Nh5 25. g3 Qb7 26. Rc3 Nf6 27. Qd1 a5
28. Rc1 a4 29. Ra1 Rc8 30. Nc5 Qxb2 31. Nxa4 Qb3 32. Qxb3 Bxb3 33. Nc5 Bd5 34.
Ra6 Bf8 35. Be3 Rb8 36. h4 Rb2 37. Bf1 Rb1 38. Ra4 Bxf3 39. Ra2 Ng4 40. Bf4 e5
0-1

[Event "España tch 1B 2012"]
[Site "Don Benito ESP"]
[Date "2012.07.30"]
[Round "1.24"]
[White "Lopez Martinez, Josep Manuel"]
[Black "Renteria, Jorge"]
[Result "1-0"]
[WhiteElo "2509"]
[BlackElo "2326"]
[PlyCount "72"]
[EventDate "2012.07.30"]
[EventType "swiss"]
[EventRounds "9"]
[EventCountry "ESP"]
[Source "lmi"]
[SourceDate "2012.07.30"]

1. Nf3 Nf6 2. c4 g6 3. Nc3 Bg7 4. e4 d6 5. d4 O-O 6. Be2 c5 7. O-O cxd4 8. Nxd4
Nc6 9. Be3 Nxd4 10. Bxd4 Bd7 11. Qd2 Bc6 12. f3 Nd7 13. Be3 a5 14. b3 Nc5 15.
Rab1 Qb6 16. Rfc1 Rfc8 17. Rc2 Qd8 18. Kh1 h5 19. Bf1 Kh7 20. a3 Qf8 21. b4
axb4 22. axb4 Ne6 23. Nd5 Rd8 24. Re1 f5 25. exf5 gxf5 26. f4 Qf7 27. Bf2 Ra1
28. Rxa1 Bxa1 29. b5 Bd7 30. Qa5 Bg7 31. Re2 Qf8 32. Qe1 Ra8 33. Rxe6 Ra1 34.
Qxa1 Bxa1 35. Rxe7+ Kh8 36. Rxd7 Qd8 1-0

[Event "España tch 1B 2012"]
[Site "Don Benito ESP"]
[Date "2012.07.30"]
[Round "1.31"]
[White "Espinosa Aranda, Angel"]
[Black "Mate Adan, Carlos"]
[Result "1-0"]
[WhiteElo "2402"]
[BlackElo "2276"]
[PlyCount "107"]
[EventDate "2012.07.30"]
[EventType "swiss"]
[EventRounds "9"]
[EventCountry "ESP"]
[Source "lmi"]
[SourceDate "2012.07.30"]

1. e4 e6 2. d4 d5 3. Nc3 Nf6 4. Bg5 Bb4 5. exd5 Qxd5 6. Bxf6 Bxc3+ 7. bxc3 gxf6
8. Qg4 Bd7 9. Qg7 Rf8 10. Qxf6 Ba4 11. Be2 Nd7 12. Qf3 Bxc2 13. Qxd5 exd5 14.
Kd2 Bg6 15. h4 Nf6 16. f3 O-O-O 17. g4 h6 18. Nh3 Rd6 19. Nf4 Nd7 20. g5 hxg5
21. hxg5 Nb6 22. Rh6 Nc4+ 23. Bxc4 dxc4 24. Rah1 Ra6 25. Rh8 Rxh8 26. Rxh8+ Kd7
27. Nxg6 fxg6 28. Rg8 Rxa2+ 29. Ke3 Rc2 30. Rg7+ Ke6 31. Ke4 Rxc3 32. d5+ Kd6
33. Rxg6+ Kd7 34. Rg7+ Kd6 35. g6 Rc1 36. Rf7 Rg1 37. g7 b5 38. f4 b4 39. f5 b3
40. Rf6+ Kc5 41. Rc6+ Kb4 42. Rxc7 b2 43. Rb7+ Ka3 44. f6 c3 45. Kd3 Rg3+ 46.
Kc2 a5 47. f7 Rg2+ 48. Kxc3 Rg3+ 49. Kc4 Rg4+ 50. Kc5 Rb4 51. Rxb4 axb4 52.
f8=Q b1=Q 53. g8=Q Qc2+ 54. Kb6 1-0

[Event "España tch 1B 2012"]
[Site "Don Benito ESP"]
[Date "2012.07.30"]
[Round "1.32"]
[White "Ruiz Marana, Alejandro"]
[Black "Jimenez Martinez, Jose Vicente"]
[Result "1/2-1/2"]
[WhiteElo "2210"]
[BlackElo "2285"]
[PlyCount "91"]
[EventDate "2012.07.30"]
[EventType "swiss"]
[EventRounds "9"]
[EventCountry "ESP"]
[Source "lmi"]
[SourceDate "2012.07.30"]

1. e4 d6 2. Nc3 g6 3. f4 Bg7 4. Nf3 Nf6 5. Bc4 O-O 6. d3 c5 7. O-O Nc6 8. Qe1
e6 9. f5 exf5 10. Qh4 Nd4 11. Bg5 Ne6 12. exf5 Nxg5 13. Nxg5 gxf5 14. Rf3 h6
15. Nh3 d5 16. Bb3 b5 17. Nxb5 Qb6 18. c4 d4 19. Qg3 Ng4 20. Nc7 Be5 21. Nxa8
Bxg3 22. Nxb6 Bxh2+ 23. Kh1 axb6 24. Nf2 Bd6 25. Nxg4 fxg4 26. Rf6 Be6 27. Rxh6
Kg7 28. Rh4 Kg6 29. Kg1 Bg3 30. Rh1 Bf5 31. Rd1 Re8 32. Ba4 Re2 33. Rh8 Kg7 34.
Re8 Rxb2 35. Bb3 Bg6 36. Kf1 Rf2+ 37. Kg1 Rf4 38. Re2 Rf5 39. Ba4 Rh5 40. Bc6
f5 41. Be8 Bh2+ 42. Kf2 Bf4 43. Re7+ Kf6 44. Bxg6 Be3+ 45. Kg3 Kxg6 46. Re8
1/2-1/2

[Event "España tch 1B 2012"]
[Site "Don Benito ESP"]
[Date "2012.07.30"]
[Round "1.33"]
[White "Ramirez Diaz, Jose Ramon"]
[Black "Revilla Rio, Francisco"]
[Result "0-1"]
[WhiteElo "2151"]
[BlackElo "2127"]
[PlyCount "49"]
[EventDate "2012.07.30"]
[EventType "swiss"]
[EventRounds "9"]
[EventCountry "ESP"]
[Source "lmi"]
[SourceDate "2012.07.30"]

1. e4 e5 2. Bc4 d6 3. Nc3 Be6 4. Bxe6 fxe6 5. Nf3 Nc6 6. d3 Nf6 7. O-O Qd7 8.
Be3 d5 9. exd5 exd5 10. d4 e4 11. Ne5 Qe6 12. Nxc6 Qxc6 13. f3 O-O-O 14. fxe4
dxe4 15. Qe2 Kb8 16. Rad1 Bb4 17. Nb1 Qe6 18. a3 Bd6 19. Bf4 h5 20. c3 Ng4 21.
Bxd6 Qxd6 22. g3 e3 23. Rf3 h4 24. Rf4 Nf2 25. Rxf2 0-1

[Event "España tch 1B 2012"]
[Site "Don Benito ESP"]
[Date "2012.07.30"]
[Round "1.34"]
[White "San Emeterio Rubio, Jose"]
[Black "Garcia Del Moral Lopez, Joaquin"]
[Result "1-0"]
[WhiteElo "2062"]
[BlackElo "1887"]
[PlyCount "132"]
[EventDate "2012.07.30"]
[EventType "swiss"]
[EventRounds "9"]
[EventCountry "ESP"]
[Source "lmi"]
[SourceDate "2012.07.30"]

1. e4 d5 2. exd5 Qxd5 3. Nf3 Nf6 4. d4 c6 5. Be2 Bf5 6. O-O e6 7. c4 Qd8 8. Nc3
Be7 9. Bf4 O-O 10. h3 h6 11. Re1 Nbd7 12. Bf1 Re8 13. a3 a5 14. Qd2 Bf8 15. g4
Bh7 16. b3 g5 17. Bg3 Bg7 18. Rad1 Nf8 19. Bg2 Ng6 20. Ne5 Re7 21. Na4 Nxe5 22.
Bxe5 Rc8 23. f4 gxf4 24. Bxf4 Ne8 25. Bxh6 Bxh6 26. Qxh6 Rd7 27. Qe3 b5 28. Nc5
Re7 29. Qg5+ Ng7 30. h4 Rec7 31. Qxd8+ Rxd8 32. Be4 Bxe4 33. Rxe4 Kh7 34. Re2
Rcc8 35. Kg2 Ne8 36. Nb7 Rd7 37. Nxa5 Ra7 38. b4 Nf6 39. Kf3 Rg8 40. g5 Ne8 41.
Re3 Ra6 42. c5 Ng7 43. Kf4 Nf5 44. Re4 Kg6 45. Kg4 Rh8 46. Rh1 Rh5 47. Rh3 Ne7
48. Kf4 Nf5 49. Ke5 Kg7 50. Rf4 Rh8 51. h5 Rd8 52. Rd3 Rd5+ 53. Ke4 Rd7 54. Kf3
Rda7 55. Kg4 Rd7 56. Re4 Ne7 57. h6+ Kg6 58. Rh3 Kh7 59. Rf3 Nf5 60. Rxf5 exf5+
61. Kxf5 Ra8 62. Nxc6 Rxa3 63. Ne5 Rda7 64. d5 Ra1 65. d6 Rf1+ 66. Rf4 Rd1 1-0

[Event "España tch 1B 2012"]
[Site "Don Benito ESP"]
[Date "2012.07.31"]
[Round "2.11"]
[White "Anton Guijarro, David"]
[Black "Mate Adan, Carlos"]
[Result "1-0"]
[WhiteElo "2490"]
[BlackElo "2276"]
[PlyCount "127"]
[EventDate "2012.07.30"]
[EventType "swiss"]
[EventRounds "9"]
[EventCountry "ESP"]
[Source "lmi"]
[SourceDate "2012.07.30"]

1. Nf3 Nc6 2. e4 g6 3. d4 Bg7 4. Nc3 d6 5. Be3 Bg4 6. Bb5 a6 7. Bxc6+ bxc6 8.
h3 Bxf3 9. Qxf3 e6 10. O-O-O Ne7 11. h4 h6 12. Kb1 Qb8 13. Rd3 a5 14. Qe2 Qb4
15. Nd1 a4 16. Bd2 Qb5 17. Bc3 Rb8 18. Qd2 d5 19. f3 O-O 20. a3 Nc8 21. Bb4 Nd6
22. Qf4 e5 23. dxe5 Nc4 24. exd5 Bxe5 25. Qc1 Rfd8 26. Nc3 Qa6 27. dxc6 Qxc6
28. Rxd8+ Rxd8 29. Rd1 Rb8 30. Rd3 Kg7 31. Qe1 Bf6 32. Qe4 Qxe4 33. Nxe4 Bxb2
34. Ka2 Be5 35. Nc5 Nb6 36. Ne4 f5 37. Nc5 Bf6 38. g3 Re8 39. Bc3 f4 40. Bxf6+
Kxf6 41. Ne4+ Ke5 42. g4 Re7 43. Kb2 Rd7 44. Kc3 Rd5 45. Rxd5+ Nxd5+ 46. Kd3
Nb6 47. Nc3 c6 48. Ne4 Kd5 49. c4+ Ke5 50. Nc5 h5 51. g5 Kd6 52. Kd4 Ke7 53.
Nd3 Nd7 54. Nxf4 Kf7 55. Nd3 Ke7 56. Ne5 Nf8 57. Kc5 Ne6+ 58. Kxc6 Nd4+ 59. Kd5
Nc2 60. Nxg6+ Ke8 61. Kc5 Ne1 62. f4 Kf7 63. f5 Nf3 64. Kd5 1-0

[Event "España tch 1B 2012"]
[Site "Don Benito ESP"]
[Date "2012.07.31"]
[Round "2.12"]
[White "Ruiz Marana, Alejandro"]
[Black "Almagro Llamas, Pablo"]
[Result "0-1"]
[WhiteElo "2210"]
[BlackElo "2465"]
[PlyCount "87"]
[EventDate "2012.07.30"]
[EventType "swiss"]
[EventRounds "9"]
[EventCountry "ESP"]
[Source "lmi"]
[SourceDate "2012.07.30"]

1. e4 c5 2. g3 Nc6 3. Bg2 g6 4. d3 Bg7 5. f4 e6 6. Nf3 Nge7 7. O-O O-O 8. c3 d5
9. Be3 b6 10. Bf2 dxe4 11. dxe4 Ba6 12. Re1 Qxd1 13. Rxd1 Rad8 14. Nbd2 e5 15.
Bf1 Bb7 16. Nc4 exf4 17. gxf4 Nc8 18. Bg2 Rxd1+ 19. Rxd1 Rd8 20. Rd2 Bh6 21.
Bg3 b5 22. Ne3 Nb6 23. b3 Bg7 24. e5 f6 25. Rxd8+ Nxd8 26. exf6 Bxf6 27. Ne5
Bxg2 28. Kxg2 Bxe5 29. fxe5 Kf7 30. Kf3 Ke6 31. Ke4 Nc6 32. c4 bxc4 33. Nxc4
Nxc4 34. bxc4 a6 35. a3 Na5 36. Kd3 Kf5 37. Kc3 g5 38. h3 h5 39. Kd3 Nb3 40.
Bh2 Nd4 41. Bg3 h4 42. Bf2 Kxe5 43. Be3 Ne6 44. Ke2 0-1

[Event "España tch 1B 2012"]
[Site "Don Benito ESP"]
[Date "2012.07.31"]
[Round "2.13"]
[White "Rubio Mejia, Luis Ignacio"]
[Black "Revilla Rio, Francisco"]
[Result "1-0"]
[WhiteElo "2428"]
[BlackElo "2127"]
[PlyCount "79"]
[EventDate "2012.07.30"]
[EventType "swiss"]
[EventRounds "9"]
[EventCountry "ESP"]
[Source "lmi"]
[SourceDate "2012.07.30"]

1. d4 d5 2. c4 e5 3. dxe5 d4 4. Nf3 Nc6 5. a3 Nge7 6. Nbd2 a5 7. Nb3 Nf5 8. Bg5
Be7 9. Bxe7 Qxe7 10. Nbxd4 Nfxd4 11. Nxd4 Nxe5 12. e3 O-O 13. Be2 Rd8 14. Qc2
Qh4 15. Nf3 Nxf3+ 16. Bxf3 Ra6 17. h3 Rad6 18. Rd1 Rxd1+ 19. Bxd1 Be6 20. Be2
Qg5 21. g3 Bf5 22. Qc3 Be4 23. O-O h5 24. Rd1 Rxd1+ 25. Bxd1 Qf5 26. Qd4 c5 27.
Qd8+ Kh7 28. Qh4 g6 29. Qf4 Qe6 30. Be2 Bc6 31. Bf1 Kg7 32. Kh2 a4 33. g4 hxg4
34. hxg4 Qe8 35. Kg3 f6 36. Qc7+ Kh6 37. Bd3 Bd7 38. Qxc5 g5 39. Qd4 Qb8+ 40.
f4 1-0

[Event "España tch 1B 2012"]
[Site "Don Benito ESP"]
[Date "2012.07.31"]
[Round "2.14"]
[White "San Emeterio Rubio, Jose"]
[Black "Martinez Martin, David"]
[Result "0-1"]
[WhiteElo "2062"]
[BlackElo "2385"]
[PlyCount "96"]
[EventDate "2012.07.30"]
[EventType "swiss"]
[EventRounds "9"]
[EventCountry "ESP"]
[Source "lmi"]
[SourceDate "2012.07.30"]

1. e4 c5 2. g3 Nc6 3. Bg2 Nf6 4. d3 d5 5. Nc3 Bg4 6. f3 Be6 7. Nge2 d4 8. Nb1
Qc8 9. g4 g6 10. Bf4 h5 11. g5 Nd7 12. h4 Bg7 13. Nd2 O-O 14. O-O Nde5 15. Bg3
Bh3 16. Nf4 Bxg2 17. Kxg2 e6 18. Nc4 b5 19. Nxe5 Bxe5 20. Ne2 Bxg3 21. Nxg3 Ne5
22. a4 a6 23. Qd2 Qc6 24. axb5 axb5 25. Qf4 Nd7 26. Ne2 e5 27. Qd2 c4 28. f4
Rxa1 29. Rxa1 f5 30. gxf6 Qxf6 31. Kg3 cxd3 32. cxd3 Nc5 33. Rf1 exf4+ 34. Rxf4
Qe5 35. Kf3 Rc8 36. Kf2 Ne6 37. Rf3 Qh2+ 38. Kf1 Qh1+ 39. Ng1 Qxh4 40. Qh6 Qg4
41. Qd2 Kg7 42. b4 Rc3 43. e5 h4 44. Qd1 Nf4 45. Qd2 Rc1+ 46. Qxc1 Qg2+ 47. Ke1
Qxg1+ 48. Rf1 Qg3+ 0-1

[Event "España tch 1B 2012"]
[Site "Don Benito ESP"]
[Date "2012.07.31"]
[Round "2.21"]
[White "Vallejo Pons, Francisco"]
[Black "Espinosa Aranda, Angel"]
[Result "1-0"]
[WhiteElo "2697"]
[BlackElo "2402"]
[PlyCount "85"]
[EventDate "2012.07.30"]
[EventType "swiss"]
[EventRounds "9"]
[EventCountry "ESP"]
[Source "lmi"]
[SourceDate "2012.07.30"]

1. Nf3 Nf6 2. c4 g6 3. Nc3 Bg7 4. e4 d6 5. d4 O-O 6. Be2 e5 7. d5 Na6 8. Nd2 c5
9. Nf1 Nd7 10. h4 f5 11. h5 f4 12. a3 g5 13. h6 Bf6 14. Bg4 Kh8 15. Nh2 Be7 16.
Nf3 Nb6 17. Bxc8 Qxc8 18. b3 Nc7 19. Bb2 Nd7 20. Qe2 a6 21. O-O-O Qe8 22. Kb1
Rb8 23. b4 Bf6 24. Rc1 b5 25. Nd2 Qe7 26. Nb3 bxc4 27. Qxc4 Nb5 28. Na5 Nb6 29.
Qd3 Nxc3+ 30. Rxc3 Na4 31. Rb3 Rb5 32. Nc6 Qb7 33. Rc1 Ra8 34. Ka2 Qd7 35. Ba1
Qg4 36. Qf3 Qxf3 37. gxf3 Kg8 38. Rbb1 cxb4 39. axb4 Kf7 40. Na5 Ra7 41. Rc6
Be7 42. Nc4 Rab7 43. Rxd6 1-0

[Event "España tch 1B 2012"]
[Site "Don Benito ESP"]
[Date "2012.07.31"]
[Round "2.22"]
[White "Jimenez Martinez, Jose Vicente"]
[Black "Magem Badals, Jordi"]
[Result "1/2-1/2"]
[WhiteElo "2285"]
[BlackElo "2554"]
[PlyCount "61"]
[EventDate "2012.07.30"]
[EventType "swiss"]
[EventRounds "9"]
[EventCountry "ESP"]
[Source "lmi"]
[SourceDate "2012.07.30"]

1. d4 d5 2. c4 c6 3. Nf3 Nf6 4. Nc3 e6 5. Bg5 h6 6. Bh4 dxc4 7. e4 g5 8. Bg3 b5
9. Be2 Bg7 10. h4 g4 11. Ne5 b4 12. Na4 Nxe4 13. Bf4 h5 14. Bxc4 Nd6 15. Bd3
O-O 16. Rc1 Nf5 17. Bxf5 exf5 18. O-O Be6 19. Nc5 Bd5 20. Qd3 Re8 21. g3 Qc8
22. Qd2 a5 23. Bh6 f6 24. Ng6 Bf7 25. Bxg7 Kxg7 26. Nf4 Ra7 27. a3 bxa3 28.
bxa3 Kg8 29. Rfe1 a4 30. Rxe8+ Qxe8 31. Re1 1/2-1/2

[Event "España tch 1B 2012"]
[Site "Don Benito ESP"]
[Date "2012.07.31"]
[Round "2.23"]
[White "Alonso Rosell, Alvar"]
[Black "Ramirez Diaz, Jose Ramon"]
[Result "1-0"]
[WhiteElo "2502"]
[BlackElo "2151"]
[PlyCount "69"]
[EventDate "2012.07.30"]
[EventType "swiss"]
[EventRounds "9"]
[EventCountry "ESP"]
[Source "lmi"]
[SourceDate "2012.07.30"]

1. d4 g6 2. c4 Nf6 3. Nc3 d5 4. Nf3 Bg7 5. Qb3 dxc4 6. Qxc4 O-O 7. e4 Bg4 8.
Be3 Nfd7 9. Rd1 Nb6 10. Qb3 Nc6 11. d5 Ne5 12. Be2 Nxf3+ 13. Bxf3 Bxf3 14. gxf3
Qd7 15. h4 e6 16. a4 a5 17. h5 exd5 18. hxg6 hxg6 19. Bxb6 cxb6 20. Nxd5 Qe6
21. Qxb6 Rad8 22. Qxb7 Rfe8 23. Kf1 Rb8 24. Qc7 Rxb2 25. Qxa5 Qc6 26. Kg2 Qc2
27. Qa7 Ra2 28. Ne7+ Rxe7 29. Qb8+ Bf8 30. Rh8+ Kg7 31. Qxf8+ Kf6 32. Rd6+ Re6
33. Qd8+ Kg7 34. Rg8+ Kh7 35. Qh4+ 1-0

[Event "España tch 1B 2012"]
[Site "Don Benito ESP"]
[Date "2012.07.31"]
[Round "2.24"]
[White "Garcia Del Moral Lopez, Joaquin"]
[Black "Lopez Martinez, Josep Manuel"]
[Result "0-1"]
[WhiteElo "1887"]
[BlackElo "2509"]
[PlyCount "82"]
[EventDate "2012.07.30"]
[EventType "swiss"]
[EventRounds "9"]
[EventCountry "ESP"]
[Source "lmi"]
[SourceDate "2012.07.30"]

1. d4 Nf6 2. c4 e6 3. Nc3 Bb4 4. Qc2 c5 5. Nf3 cxd4 6. Nxd4 Nc6 7. Nxc6 bxc6 8.
e3 O-O 9. Bd3 d5 10. O-O e5 11. f3 Be6 12. a3 Bd6 13. b3 Rb8 14. Na4 Qe7 15. c5
Bc7 16. b4 Rfd8 17. Rb1 h6 18. Nc3 a5 19. Rd1 axb4 20. axb4 e4 21. Bf1 exf3 22.
gxf3 Nh7 23. f4 Bg4 24. Be2 Nf6 25. Rd4 Re8 26. Rb2 h5 27. Qd1 Ra8 28. Rb1 Bxe2
29. Qxe2 Ng4 30. Nd1 Qf6 31. h3 Nxe3 32. Bxe3 Qxd4 33. b5 Qe4 34. Qb2 Bxf4 35.
Bxf4 Qxf4 36. Nf2 Qg3+ 37. Kf1 Ra3 38. Re1 Rxe1+ 39. Kxe1 Rb3 40. Qa2 Qc3+ 41.
Kf1 Qc4+ 0-1

[Event "España tch 1B 2012"]
[Site "Don Benito ESP"]
[Date "2012.07.31"]
[Round "2.31"]
[White "Khenkin, Igor"]
[Black "Moreno Trujillo, Alejandro"]
[Result "1/2-1/2"]
[WhiteElo "2669"]
[BlackElo "2500"]
[PlyCount "113"]
[EventDate "2012.07.30"]
[EventType "swiss"]
[EventRounds "9"]
[EventCountry "ESP"]
[Source "lmi"]
[SourceDate "2012.07.30"]

1. d4 d5 2. c4 c6 3. e3 Nf6 4. Bd3 Bg4 5. Ne2 e6 6. Nbc3 Nbd7 7. O-O Bh5 8.
cxd5 exd5 9. f3 Be7 10. e4 dxe4 11. fxe4 Nb6 12. Qc2 Bg6 13. e5 Nfd5 14. Bxg6
hxg6 15. Ne4 Nc7 16. Bg5 O-O 17. Bxe7 Qxe7 18. Rf3 Nbd5 19. Raf1 Rad8 20. Nd6
Rxd6 21. exd6 Qxd6 22. Qb3 b6 23. Qa3 Qxa3 24. Rxa3 Nb5 25. Ra4 a5 26. Rc4 Ne3
27. Rxc6 Nxf1 28. Rxb6 Nxd4 29. Nxd4 Ne3 30. Nc6 Ra8 31. b3 Nd5 32. Rb5 Nc3 33.
Rxa5 Rxa5 34. Nxa5 Nxa2 35. Kf2 Kf8 36. Ke3 Ke7 37. Kd4 Kd6 38. Nc4+ Ke6 39.
Nd2 Nb4 40. Nf3 Nc2+ 41. Kc5 Ne3 42. g3 f6 43. b4 Kd7 44. b5 Kc7 45. Nd4 Kb7
46. Ne6 Nf1 47. b6 Nxh2 48. Kb5 Nf3 49. Nc5+ Kb8 50. Nd7+ Kb7 51. Nc5+ Kb8 52.
b7 Ne5 53. Kb6 Nc4+ 54. Ka6 Ne5 55. Kb6 Nc4+ 56. Ka6 Ne5 57. Kb6 1/2-1/2

[Event "España tch 1B 2012"]
[Site "Don Benito ESP"]
[Date "2012.07.31"]
[Round "2.32"]
[White "Moreno Tejera, Emilio"]
[Black "Mirzoev, Azer"]
[Result "1/2-1/2"]
[WhiteElo "2350"]
[BlackElo "2545"]
[PlyCount "101"]
[EventDate "2012.07.30"]
[EventType "swiss"]
[EventRounds "9"]
[EventCountry "ESP"]
[Source "lmi"]
[SourceDate "2012.07.30"]

1. e4 c6 2. d4 d5 3. e5 Bf5 4. Nf3 e6 5. Be2 Nd7 6. O-O Ne7 7. Nh4 Bg6 8. Nd2
c5 9. c3 Nc6 10. Nxg6 hxg6 11. Nf3 Be7 12. Be3 Rc8 13. Rc1 a6 14. g3 b5 15. h4
cxd4 16. cxd4 Nb6 17. Bg5 f6 18. exf6 gxf6 19. Bf4 Kf7 20. Re1 Bd6 21. Bxd6
Qxd6 22. Bf1 Ne7 23. Bh3 Nf5 24. b3 Rxc1 25. Qxc1 Nc8 26. Re2 Nce7 27. Rc2 Qb6
28. Rc7 Nd6 29. Rd7 Ne4 30. Qf4 Ke8 31. Qc7 Qxc7 32. Rxc7 Kf7 33. Ra7 Rc8 34.
Rxa6 Rc1+ 35. Bf1 b4 36. Rb6 Rc2 37. g4 Rxf2 38. Bg2 Rxa2 39. Rxb4 Nd2 40. h5
gxh5 41. gxh5 Nf5 42. Rb7+ Kg8 43. Nh2 Ne3 44. Bh3 f5 45. Re7 Ne4 46. Rxe6 Ra1+
47. Nf1 Nxf1 48. Bxf1 Nd2 49. Kf2 Nxf1 50. Rg6+ Kh7 51. Rg1 1/2-1/2